María / (Registro nro. 21602)
[ vista simple ]
| 000 -CABECERA | |
|---|---|
| fixed length control field | 01515cam a22003014a 4500 |
| 001 - NÚMERO DE CONTROL | |
| control field | YPZ89067 |
| 003 - IDENTIFICADOR DEL NÚMERO DE CONTROL | |
| control field | YPZ |
| 005 - FECHA Y HORA DE LA ULTIMA TRANSACCIÓN | |
| control field | 20260305174044.0 |
| 008 - ELEMENTOS DE LONGITUD FIJA | |
| fixed length control field | 080626|2017 ag ||||||b||||||||||spa|d |
| 020 ## - ISBN | |
| ISBN | 9789875710009 |
| 040 ## - FUENTE DE CATALOGACIÓN | |
| Agencia que realiza la transcripción | SIUNPA |
| Agencia de catalogación original | SIUNPA |
| Idioma de la catalogación | spa |
| Convenciones de la descripción | AACR2 |
| Agencia que realiza la modificación | AR-MoUNM |
| 041 ## - CÓDIGO DEL IDIOMA | |
| Código de idioma para texto, pista de sonido o título independiente | spa |
| 044 ## - CÓDIGO DE PAÍS DEL EDITOR / PRODUCTOR [El campo es A para materiales visuales.] | |
| Código de país MARC | ag |
| 080 ## - NÚMERO DE CLASIFICACIÓN DECIMAL UNIVERSAL (C.D.U.) | |
| Número de la Clasificación Decimal Universal (C.D.U.) | 821.134.2(861) I736m |
| 082 04 - NÚMERO DE CLASIFICACIÓN DECIMAL DEWEY (C.D.D.) | |
| Número de la edición | 24.11 |
| Número de la Clasificación Decimal de Dewey (C.D.D.) | CO863 |
| Número del ítem | IS 73 |
| 100 1# - ENTRADA PRINCIPAL - NOMBRE DE PERSONA | |
| Nombre personal | Isaacs, Jorge, |
| Fechas asociadas con un nombre | 1837-1895. |
| 9 (RLIN) | 27738 |
| 245 10 - MENCIÓN DEL TÍTULO | |
| Título | María / |
| Mención de responsabiblidad | Jorge Isaacs ; estudio preliminar, Silvia Gutemberg. |
| 260 ## - PUBLICACIÓN, DISTRIBICIÓN, ETC. | |
| Lugar de publicación, distribución, etc. | Buenos Aires : |
| Nombre del editor, distribuidor, etc. | Gradifco, |
| Fecha de publicación, distribución, etc. | 2017. |
| 300 ## - DESCRIPCIÓN FÍSICA | |
| Extensión | 271 p. ; |
| Dimensiones [El subcampo es A para Materiales Mixtos] | 19 cm. |
| 490 0# - MENCIÓN DE SERIE | |
| Mención de Serie | (Colección Malva) |
| 520 ## - NOTA DE RESUMEN, ETC. | |
| Nota de resumen, etc. | Esta novela romántica por excelencia relata el casto idilio de Efraín con María, una joven encantadora, pupila de su padre.<br/>Los jóvenes se enamoran y viven breves momentos encantados en un círculo mágico de padres cariñosos y fieles criados. Pero pesa sobre María la fatalidad de un grave mal hereditario, que impregna el amor juvenil de tristes presentimientos. Y, aunque el final se adivina, no es por esto esperado con menos angustiosa ansiedad.<br/>Durante la ausencia de Efraín, María se agrava y muere antes de decirle siquiera adiós. El joven regresa tan sólo para visitar la tumba de su amada y partir nuevamente con su dolor. |
| 650 #7 - ENTRADA SECUNDARIA DE MATERIA - TÉRMINO TEMÁTICO | |
| Fuente de la entrada o término | unescot |
| Término temático o nombre geográfico como elemento de entrada | LITERATURA |
| Subdivisión geográfica | COLOMBIA |
| 9 (RLIN) | 4347 |
| 650 #7 - ENTRADA SECUNDARIA DE MATERIA - TÉRMINO TEMÁTICO | |
| Fuente de la entrada o término | unescot |
| Término temático o nombre geográfico como elemento de entrada | NOVELA |
| 9 (RLIN) | 608 |
| 650 #7 - ENTRADA SECUNDARIA DE MATERIA - TÉRMINO TEMÁTICO | |
| Fuente de la entrada o término | unescot |
| Término temático o nombre geográfico como elemento de entrada | DRAMA |
| 9 (RLIN) | 1363 |
| 653 ## - TÉRMINO DE INDIZACIÓN NO CONTROLADO | |
| Término no controlado | ROMANCE |
| 700 1# - ENTRADA SECUNDARIA - NOMBRE DE PERSONA | |
| Nombre de la persona | Gutemberg, Silvia. |
| Término relacionador | estudio preliminar |
| 9 (RLIN) | 27737 |
| 942 ## - ADDED ENTRY ELEMENTS (KOHA) | |
| Source of classification or shelving scheme | Dewey Decimal Classification |
| Item type | Libros |
| Withdrawn status | Lost status | Source of classification or shelving scheme | Damaged status | Not for loan | Home library | Current library | Date acquired | Source of acquisition | Inventory number | Total Checkouts | Full call number | Barcode | Date last seen | Copy number | Price effective from | Koha item type |
|---|---|---|---|---|---|---|---|---|---|---|---|---|---|---|---|---|
| Dewey Decimal Classification | Colección general | Colección general | 05/03/2026 | Donación Fundación El Libro | 28037 | CO863 IS 73 | 28037 | 05/03/2026 | Ej. C | 05/03/2026 | Libros |


